R-Letter Subdivisions of Africa - Statistics

General Stats
  • This quiz has been taken 13 times
    4 since last reset
  • The average score is 10 of 23
Answer Stats
Country Subdivision Type Answer % Correct
France Region Réunion
100%
Egypt Governorate Red Sea
67%
Sudan State Red Sea
67%
Algeria Province Relizane
67%
Sudan State River Nile
67%
Nigeria State Rivers
67%
Morocco Region Rabat-Salé-Kénitra
33%
Uganda District Rakai
33%
Cape Verde Municipality Ribeira Brava
33%
Cape Verde Municipality Ribeira Grande
33%
Cape Verde Municipality Ribeira Grande de Santiago
33%
Liberia County Rivercess
33%
Liberia County River Gee
33%
Mauritius Island Rodrigues
33%
Uganda District Rubanda
33%
Uganda District Rubirizi
33%
Uganda District Rukiga
33%
Uganda District Rukungiri
33%
Tanzania Region Rukwa
33%
Tanzania Region Ruvuma
33%
South Sudan Area Ruweng
33%
Uganda District Rwampara
33%
Seychelles District Roche Caïman
0%
No matching quizzes found
Score Distribution
Percent of People with Each Score
Percentile by Number Answered
Your Score History
You have not taken this quiz since the last reset